000 00421nab a2200145Ia 4500
003 ES-SlBCS
005 20210601125444.0
008 140529s1976 xxu||||| |||| 00| 0 eng d
041 _aeng
100 1 _aHarris, Errol E.
_9137963
245 0 0 _aTime and Eternity
_c Errol E. Harris
650 0 4 _aTiempo-Eternidad
_9139013
773 0 _tReview of Methaphysics
_gvol. 29, nº. 115, 1976, págs. 464-482
_wRev843
942 _cAR
999 _c530634
_d530634